Pro Football Hall of Famers (through 2026) - Statistics

General Stats
  • This quiz has been taken 1,990 times
    111 since last reset
  • The average score is 194 of 387
Answer Stats
Hint Answer % Correct
2004 Bob Brown
91%
2009 Bruce Smith
91%
2010 Emmitt Smith
91%
1994 Jackie Smith
91%
1971 Jim Brown
91%
1967 Paul Brown
91%
1975 Rosey Brown
91%
2015 Tim Brown
91%
1984 Willie Brown
91%
2000 Joe Montana
89%
2021 Peyton Manning
89%
2006 Troy Aikman
89%
2021 Calvin Johnson
87%
2010 Jerry Rice
87%
2024 Andre Johnson
86%
1994 | 2020 Jimmy Johnson
86%
1987 John Henry Johnson
86%
2022 Bryant Young
84%
2020 George Young
84%
2005 Steve Young
84%
2004 Barry Sanders
83%
2020 Cliff Harris
83%
2005 Dan Marino
83%
1990 Franco Harris
83%
1980 Deacon Jones
81%
2011 Deion Sanders
81%
2025 Eric Allen
81%
2002 George Allen
81%
2025 Jared Allen
81%
2017 Jerry Jones
81%
2013 Larry Allen
81%
1999 Lawrence Taylor
81%
2003 Marcus Allen
81%
1991 Stan Jones
81%
2014 Walter Jones
81%
1977 Bart Starr
80%
2016 Brett Favre
80%
1984 Charley Taylor
80%
2007 Charlie Sanders
80%
2026 Drew Brees
80%
2017 Jason Taylor
80%
1976 Jim Taylor
80%
2008 Darrell Green
79%
2016 Kevin Greene
79%
2016 Marvin Harrison
79%
2018 Ray Lewis
79%
2010 Rickey Jackson
79%
2009 Derrick Thomas
77%
2008 Emmitt Thomas
77%
2002 Jim Kelly
77%
2023 Joe Thomas
77%
2018 Randy Moss
77%
1994 Randy White
77%
2006 Reggie White
77%
1989 Terry Bradshaw
77%
2007 Thurman Thomas
77%
2023 Zach Thomas
77%
1986 Fran Tarkenton
76%
2004 John Elway
76%
2017 Kurt Warner
76%
1992 Al Davis
74%
1985 Joe Namath
74%
1994 Leroy Kelly
74%
1985 Roger Staubach
74%
2017 Terrell Davis
74%
2019 Tony Gonzalez
74%
1993 Walter Payton
74%
1981 Willie Davis
74%
2019 Ed Reed
73%
2006 Warren Moon
73%
2014 Aeneas Williams
71%
2014 Andre Reed
71%
2013 Chris Carter
71%
1979 Johnny Unitas
71%
2017 LaDainian Tomlinson
71%
2026 Larry Fitzgerald
71%
2007 Michael Irvin
71%
2025 Antonio Gates
70%
2001 Lynn Swann
70%
2000 Ronnie Lott
70%
2012 Dermontti Dawson
69%
1987 Len Dawson
69%
1963 Sammy Baugh
69%
2016 Ken Stabler
67%
2017 Morten Andersen
67%
2026 Roger Craig
67%
1989 Willie Wood
67%
2012 Curtis Martin
66%
1991 Earl Campbell
66%
1988 Jack Ham
66%
1990 Jack Lambert
66%
2011 Marshall Faulk
66%
2011 Shannon Sharpe
66%
2025 Sterling Sharpe
66%
1967 Bobby Layne
64%
1979 Dick Butkus
64%
2020 Isaac Bruce
64%
1992 John Riggins
64%
2015 Junior Seau
64%
1988 Mike Ditka
64%
1985 O.J. Simpson
64%
1966 Steve Owen
64%
2007 Bruce Matthews
63%
2014 Derrick Brooks
63%
1977 Gale Sayers
63%
2026 Luke Kuechly
63%
1965 Otto Graham
63%
1995 Steve Largent
63%
1971 Vince Lombardi
63%
2018 Brian Urlacher
61%
1993 Dan Fouts
61%
2021 John Lynch
61%
2006 John Madden
61%
1989 Mel Blount
61%
1998 Mike Singletary
61%
1990 Tom Landry
61%
1990 Bob Griese
60%
2021 Charles Woodson
60%
1974 Dick Lane
60%
2020 Edgerrin James
60%
1999 Eric Dickerson
60%
1969 Joe Perry
60%
1995 Kellen Winslow
60%
1978 Larry Wilson
60%
2009 Ralph Wilson
60%
2013 Warren Sapp
60%
1998 Anthony Muñoz
59%
1987 Gene Upshaw
59%
2015 Jerome Bettis
59%
1997 Mike Webster
59%
1973 Raymond Berry
59%
2009 Rod Woodson
59%
2023 Ronde Barber
59%
2008 Art Monk
57%
1988 Fred Biletnikoff
57%
1980 Jim Otto
57%
1987 Joe Greene
57%
2002 John Stallworth
57%
1987 Larry Csonka
57%
2011 Richard Dent
57%
1983 Sonny Jurgensen
57%
1994 Tony Dorsett
57%
2021 Drew Pearson
56%
2013 Jonathan Ogden
56%
2020 Troy Polamalu
56%
2019 Ty Law
56%
2026 Adam Vinatieri
54%
2013 Dave Robinson
54%
1986 Doak Walker
54%
1963 George Halas
54%
1991 John Hannah
54%
1963 Johnny "Blood" McNally
54%
2019 Johnny Robinson
54%
1978 Lance Alworth
54%
2014 Ray Guy
54%
2018 Terrell Owens
54%
1971 Y.A. Tittle
54%
1988 Alan Page
53%
1993 Bill Walsh
53%
2010 John Randle
53%
1975 Lenny Moore
53%
1982 Merlin Olsen
53%
2014 Michael Strahan
53%
1963 Bert Bell
51%
1983 Bobby Bell
51%
1980 Bob Lilly
51%
2015 Charles Haley
51%
1996 Charlie Joiner
51%
2002 Dan Hampton
51%
2023 Darrelle Revis
51%
2006 Harry Carson
51%
1971 Norm Van Brocklin
51%
1999 Ozzie Newsome
51%
1986 Paul Hornung
51%
1965 Sid Luckman
51%
1990 Ted Hendricks
51%
1999 Tom Mack
51%
1972 Ace Parker
50%
1989 Art Shell
50%
2013 Bill Parcells
50%
1977 Bill Willis
50%
2009 Bob Hayes
50%
2022 Cliff Branch
50%
2020 Donnie Shell
50%
1997 Don Shula
50%
1998 Dwight Stephenson
50%
1977 Forrest Gregg
50%
2000 Howie Long
50%
2012 Jack Butler
50%
2001 Jack Youngblood
50%
2003 James Lofton
50%
1973 Jim Parker
50%
2022 LeRoy Butler
50%
2024 Patrick Willis
50%
2018 Brian Dawkins
49%
1994 Bud Grant
49%
2019 Champ Bailey
49%
1967 Chuck Bednarik
49%
1993 Chuck Noll
49%
2024 Devin Hester
49%
2010 Floyd Little
49%
1977 Frank Gifford
49%
2003 Hank Stram
49%
2020 Harold Carmichael
49%
1991 Jan Stenerud
49%
1993 Larry Little
49%
2016 Orlando Pace
49%
2009 Randall McDaniel
49%
2022 Sam Mills
49%
2020 Steve Atwater
49%
2024 Steve McMichael
49%
2020 Winston Hill
49%
2004 Carl Eller
47%
2012 Cortez Kennedy
47%
2002 Dave Casper
47%
1963 Don Hutson
47%
1996 Joe Gibbs
47%
2024 Julius Peppers
47%
1998 Paul Krause
47%
1963 Red Grange
47%
1963 Curly Lambeau
46%
1963 Dutch Clark
46%
1995 Henry Jordan
46%
1980 Herb Adderley
46%
2018 Jerry Kramer
46%
1986 Ken Houston
46%
1997 Mike Haynes
46%
2012 Willie Roaf
46%
1963 Bronko Nagurski
44%
1982 Doug Atkins
44%
1968 Elroy Hirsch
44%
2008 Fred Dean
44%
1981 George Blanda
44%
2015 Will Shields
44%
2008 Andre Tippett
43%
1964 Art Rooney
43%
1974 Bill George
43%
1990 Buck Buchanan
43%
2012 Chris Doleman
43%
2000 Dan Rooney
43%
1987 Don Maynard
43%
1963 George Preston Marshall
43%
1972 Gino Marchetti
43%
1992 John Mackey
43%
1995 Lee Roy Selmon
43%
1983 Paul Warfield
43%
1978 Ray Nitschke
43%
2010 Russ Grimm
43%
2022 Tony Boselli
43%
2021 Alan Faneca
41%
1967 Dan Reeves
41%
2020 Duke Slater
41%
2024 Dwight Freeney
41%
2001 Jackie Slater
41%
2020 Jim Covert
41%
1963 Jim Thorpe
41%
2017 Kenny Easley
41%
1972 Lamar Hunt
41%
2013 Curley Culp
40%
1973 Joe Schmidt
40%
2006 Rayfield Wright
40%
1996 Dan Dierdorf
39%
2022 Dick Vermeil
39%
2019 Kevin Mawae
39%
1974 Lou Groza
39%
2022 Richard Seymour
39%
1979 Ron Mix
39%
2001 Ron Yary
39%
2020 Steve Hutchinson
39%
1965 Steve Van Buren
39%
1963 Tim Mara
39%
2016 Tony Dungy
39%
1997 Wellington Mara
39%
1986 Willie Lanier
39%
1983 Bobby Mitchell
37%
2023 DeMarcus Ware
37%
1970 Jack Christiansen
37%
1981 Jim Ringo
37%
2023 Ken Riley
37%
2001 Marv Levy
37%
1996 Mel Renfro
37%
2024 Randy Gradishar
37%
1998 Tommy McDonald
37%
1978 Weeb Ewbank
37%
2020 Bill Cowher
36%
1987 Jim Langer
36%
2023 Joe Klecko
36%
1963 Pete Henry
36%
1982 Sam Huff
36%
2021 Tom Flores
36%
1966 Arnie Herber
34%
1999 Billy Shaw
34%
2020 Bobby Dillon
34%
1965 Bob Waterfield
34%
2015 Mick Tingelhoff
34%
1985 Pete Rozelle
34%
1990 Bob. St. Clair
33%
2010 Dick LeBeau
33%
1963 Ernie Nevers
33%
2008 Gary Zimmerman
33%
1992 Lem Barney
33%
1979 Yale Lary
33%
1963 Cal Hubbard
31%
1966 George McAfee
31%
1970 Hugh McElhenny
31%
1968 Marion Motley
31%
1963 Mel Hein
31%
1968 Art Donovan
30%
1965 Dan Fortmann
30%
1967 Emlen Tunnell
30%
2020 Paul Tagliabue
30%
1991 Tex Schramm
30%
1974 Tony Canadeo
30%
1971 Bill Hewitt
29%
2003 Elvin Bethea
29%
2001 Mike Munchak
29%
2001 Nick Buoniconti
29%
2005 Benny Friedman
27%
2015 Bill Polian
27%
1964 Clarke Hinkle
27%
2020 Ed Sprinkle
27%
1963 Joseph Carr
27%
1976 Len Ford
27%
2018 Robert Brazile
27%
1966 Bulldog Turner
26%
2005 Fritz Pollard
26%
2020 Alex Karras
24%
2023 Chuck Howley
24%
2014 Claude Humphrey
24%
1964 Mike Michalske
24%
1972 Ollie Matson
24%
1970 Pete Pihos
24%
2015 Ron Wolf
24%
1971 Andy Robustelli
23%
2022 Art McNally
23%
1966 Bill Dudley
23%
2011 Chris Hanburger
23%
2023 Don Coryell
23%
1964 Jimmy Conzelman
23%
1966 Joe Guyon
23%
2007 Roger Wehrli
23%
1975 Dante Lavelli
21%
2000 Dave Wilcox
21%
2011 Ed Sabol
21%
2007 Gene Hickerson
21%
1965 Paddy Driscoll
21%
2020 Steve Sabol
21%
2016 Ed DeBartolo Jr.
20%
1969 Ernie Stautner
20%
1975 George Connor
20%
2020 Mac Speedie
20%
1984 Mike McCormack
20%
1981 Red Badgro
20%
1983 Sid Gillman
20%
1970 Tom Fears
20%
1968 Charley Trippi
19%
1968 Cliff Battles
19%
1964 George Trafton
19%
2019 Gil Brandt
19%
2003 Joe DeLamielleure
19%
2017 Bobby Beathard
17%
1969 Leo Nomellini
17%
1996 Lou Creekmur
17%
2019 Pat Bowlen
17%
1978 Tuffy Leemans
17%
1969 Turk Edwards
17%
1968 Alex Wojciechowicz
16%
1971 Bruiser Kinard
16%
1967 Charles Bidwill
16%
1985 Frank Gatski
16%
1969 Greasy Neale
16%
2011 Les Richter
16%
1976 Ray Flaherty
16%
1966 Shorty Ray
16%
1966 Walt Kiesling
16%
1964 William Lyman
16%
2016 Dick Stanfel
14%
1982 George Musso
14%
1995 Jim Finks
14%
1967 Joe Stydahar
14%
1967 Ken Strong
14%
1984 Arnie Weinmeister
13%
2021 Bill Nunn
13%
1968 Wayne Millner
13%
1965 Guy Chamberlin
11%
1964 Ed Healey
9%
No matching quizzes found
Score Distribution
Percent of People with Each Score
Percentile by Number Answered
Your Score History
You have not taken this quiz since the last reset